| 000 | 00586nam a22001931a 4500 | ||
|---|---|---|---|
| 001 | 10174 | ||
| 003 | OSt | ||
| 005 | 20260204212149.0 | ||
| 008 | 080502s2004||||-us||||||b||||||||||spa|| | ||
| 020 | _a9211261600 | ||
| 050 | _a303.485 P943i | ||
| 110 | _aPrograma de las Naciones Unidas | ||
| 245 | _aInforme mundial: Dirección de riesgo y desastres; un desafío para el desarrollo / Andrew Maskrey (Coord.) | ||
| 264 | _aEstados Unidos de América : PNUD | ||
| 300 | _a146 p | ||
| 500 | _aIncluye bibliografía | ||
| 650 | _aDesastres Naturales - PrevenciónÌ | ||
| 942 |
_2ddc _cBK |
||
| 999 |
_c10174 _d10174 |
||